000 00407nam a2200181Ia 4500
005 20250603144747.0
008 250603s9999 xx 000 0 und d
020 _a978845921033
050 _aKM 500 .S8/
100 _aStone, M.
245 0 _aCross - examination in criminal trial
260 _aEngland
260 _bTottel
260 _c2009
300 _a287 p
650 _aEngland
942 _cBK
999 _c39869
_d39869